| 000 | 00328pab a2200109 454500 | ||
|---|---|---|---|
| 008 | 180718b xxu||||| |||| 00| 0 eng d | ||
| 100 | _aShah, Prakash | ||
| 245 | _aNuclear Non-Proliferation implications and the NPT review: an Indian perspective | ||
| 650 | _aNon Proliferation Treaty | ||
| 773 | _aStrategic Analysis | ||
| 909 | _a24405 | ||
| 999 |
_c24405 _d24405 |
||